Normal view
MARC view
- Premnath.
Entry Personal Name
001 - CONTROL NUMBER
- control field: 4369
003 - CONTROL NUMBER IDENTIFIER
- control field: OSt
005 - DATE AND TIME OF LATEST TRANSACTION
- control field: 20191022215421.0
008 - FIXED-LENGTH DATA ELEMENTS
- fixed length control field: 191022|| aca||aabn | a|a d
040 ## - CATALOGING SOURCE
- Original cataloging agency: OSt
- Transcribing agency: OSt
100 ## - HEADING--PERSONAL NAME
- Personal name: Premnath.
670 ## - SOURCE DATA FOUND
- Source citation: Work cat.: (OSt): Premnath., Nammude nadan pattukalum nadan kalakalum
